Guess the singer - F - Statistics

General Stats
  • This quiz has been taken 107 times
  • The average score is 10 of 30
Answer Stats
Hint Answer % Correct
New York, New York Frank Sinatra
72%
Go Your Own Way Fleetwood Mac
60%
Low Flo Rida
58%
Pumped Up Kicks Foster the People
53%
Glamorous Fergie
52%
Everlong Foo Fighters
51%
We Are Young Fun
51%
Killing Me Softly With His Song Fugees
50%
I Want To Know What Love Is Foreigner
44%
Work from Home Fifth Harmony
43%
How To Save a Life The Fray
42%
Sugar, We're Goin Down Fall Out Boy
40%
Mask Off Future
39%
Pink + White Frank Ocean
38%
Trap Queen Fetty Wap
37%
Dog Days Are Over Florence + the Machine
34%
Stacy's Mom Fountains of Wayne
32%
Can't Take My Eyes Off You Frankie Valli
26%
This Kiss Faith Hill
23%
I Can't Help Myself Four Tops
20%
Unforgettable French Montana
20%
Living on My Own Freddie Mercury
18%
Right Here, Right Now Fatboy Slim
17%
Superman (It's Not Easy) Five For Fighting
13%
Cruise Florida Georgia Line
13%
Wrong Side of Heaven Five Finger Death Punch
10%
Turn On The Lights again Fred again
8%
The Way You Look Tonight Fred Astaire
7%
Wandering Eye Fat Freddy's Drop
6%
Two Weeks FKA Twigs
3%
No matching quizzes found
Score Distribution
Percent of People with Each Score
Percentile by Number Answered
Your Score History
You have not taken this quiz